[Event "Yalta op"]
[Site "Yalta"]
[Date "1995.??.??"]
[Round "7"]
[White "Kuzmin, Gennadi P"]
[Black "Kiriakov, Petr"]
[Result "1-0"]
[WhiteElo "2545"]
[BlackElo "2480"]
[Annotator "Shipov,S"]
[PlyCount "89"]
[EventDate "1995.??.??"]
[EventType "swiss"]
[EventRounds "9"]
[EventCountry "UKR"]
[SourceTitle "CBM 047 Extra"]
[Source "ChessBase"]
[SourceDate "1995.09.01"]
[SourceVersion "1"]
[SourceVersionDate "1995.09.01"]
[SourceQuality "1"]

1. e4 e6 2. d4 d5 3. Nc3 Nf6 4. Bg5 dxe4 5. Nxe4 Be7 6. Bxf6 gxf6 7. Nf3 f5 $5
(7... b6) 8. Nc3 Bf6 9. Qd2 c5 $1 10. dxc5 (10. Bb5+ Bd7 11. dxc5 a6 12. Bxd7+
Nxd7 13. O-O-O Qc7 14. Qd6 Rc8 15. Nd5 Qxc5 16. Nxf6+ Nxf6 17. Qxc5 Rxc5 $10 {
Sax,G-Lautier,J/FRA/1989/}) (10. O-O-O cxd4 11. Bb5+ $5 (11. Nxd4 Nc6 12. Bb5
Bd7 13. Bxc6 Bxc6 14. Nxc6 Qxd2+ 15. Rxd2 bxc6 $10 {Zhidkov,V-Luther,T/
Sverdlovsk/1989/}) 11... Ke7 $1 (11... Bd7 12. Bxd7+ Qxd7 $6 (12... Nxd7 13.
Nxd4 Nb6 $5) 13. Qh6 Qd8 14. Rhe1 Nd7 15. Nd5 Rc8 16. Rxd4 $1 $40 {Tseshkovsky,
V-Danielian,O/Novgorod op/1995/}) 12. Nxd4 Qxd4 13. Qxd4 Bxd4 14. Rxd4 a6 15.
Be2 Nc6 16. Rh4 Ne5 $1 $10 {Tseshkovsky,V-Volkov,S/Novgorod op/1995/}) (10. d5
O-O 11. O-O-O e5 (11... Bg7 12. Qe3 Qb6 13. Ne5 exd5 $5 14. Nxd5 Qe6 15. Nc4
Bh6 16. f4 b5 $1 $13 {Glek,I-Luther,T/GER/1993/}) 12. h4 Nd7 13. d6 Nb6 14. Qe3
e4 15. Ng5 Bd7 16. g4 $1 Bd4 17. Rxd4 cxd4 18. Qxd4 $44 {Lau,R-Sakaev,K/GER/
1991/}) 10... Qxd2+ (10... Qa5 $2 11. Nb5 $16) 11. Nxd2 (11. Kxd2 $5) 11... Ke7
12. Nb3 Bd7 13. O-O-O a5 $2 (13... Bxc3 $32 14. bxc3 Bc6) 14. Nd4 $1 Bxd4 (
14... Rc8 15. Nxf5+ exf5 16. Nd5+ Ke6 17. Bc4 $40) (14... Bg5+ $5 15. Kb1 Rc8)
15. Rxd4 Nc6 (15... Rc8 16. Rh4 Rxc5 17. Rxh7 b5 18. Bd3 b4 19. Ne2 $16) (15...
Bc6 $5) 16. Rd2 Rac8 17. Be2 Ne5 18. Rhd1 Be8 (18... Rhd8 $32 19. f4 Ng6 20. g3
$16) 19. f4 Ng6 20. g3 $16 Rxc5 21. Bf3 b5 22. Re1 Kf6 23. Rd6 b4 24. Nd5+ Kg7
25. Ne3 Bb5 26. Red1 Rhc8 27. Rd8 $1 Nf8 28. R1d6 (28. Rxc8 Rxc8 29. Rd6 $16)
28... Rxd8 29. Rxd8 Bd7 (29... Nd7 30. Ra8 $1) 30. Kd2 f6 31. Ra8 e5 (31... Kf7
32. Kd3 $1 {/\Kd4+-/}) 32. Bd5 $1 exf4 (32... e4 $5) 33. gxf4 Be6 (33... Ng6
34. Ra7 $18) 34. Rd8 Kg6 35. c4 $1 (35. Rxf8 Bxd5 $16) 35... bxc3+ 36. bxc3
Bxd5 37. Rxd5 $18 Rc7 38. Rd6 Rc5 39. c4 Kf7 40. Kc3 Ne6 41. Nd5 h6 42. a3 h5
43. h4 Rc8 44. Rd7+ Kf8 45. Rh7 1-0

[Event "Hamburg-ch int"]
[Site "Hamburg"]
[Date "1999.05.27"]
[Round "6.10"]
[White "Heyken, Enno"]
[Black "Buhr, Carl Christian"]
[Result "1-0"]
[WhiteElo "2325"]
[BlackElo "2320"]
[Annotator "Tsesarsky,I"]
[PlyCount "113"]
[EventDate "1999.05.22"]
[EventType "swiss"]
[EventRounds "9"]
[EventCountry "GER"]
[SourceTitle "CBM 072"]
[Source "ChessBase"]
[SourceDate "1999.10.01"]
[SourceVersion "1"]
[SourceVersionDate "1999.10.01"]
[SourceQuality "1"]

{[%mdl 4096]} 1. d4 d5 2. Nc3 Nf6 3. Bg5 Nbd7 4. Nf3 h6 5. Bh4 e6 6. e4 dxe4 7.
Nxe4 Be7 8. Nxf6+ Bxf6 9. Bxf6 Qxf6 10. Qd2 O-O (10... a6 11. O-O-O O-O 12. Qe3
Nb6 13. Qe4 Nd5 14. g3 $14 {1-0 Sursock,S-Savva,A/Dubai olm 1986 (41)}) 11.
O-O-O (11. Qe3 Rd8 12. O-O-O b6 13. Qe4 Rb8 14. Bb5 Bb7 15. Bc6 Bxc6 16. Qxc6
Qf4+ 17. Kb1 Qd6 {1/2-1/2 Van der Wiel,J-Nunn,J/Lugano op 1987 (17)}) 11... e5
12. Re1 (12. dxe5 Nxe5 13. Nxe5 (13. Qd4 Ng4 (13... Nxf3 14. Qxf6 gxf6 15. gxf3
Be6 16. Rg1+ Kh8 $11) 14. Qxf6 Nxf6 15. Bc4 Bg4 $11 {0-1 Walti,R-Wirthensohn,H/
SUI-chT 1995 (40)}) 13... Qxe5 14. Bc4 Bf5 15. Rde1 Qf6 $11 {1/2-1/2 Hoi,
C-Larsen,B/Copenhagen 1985 (42)}) 12... exd4 13. Qxd4 (13. Nxd4 Rd8 14. Qe3 Nc5
$11) 13... Qxd4 14. Nxd4 Rd8 15. c3 (15. Nb5 c6 16. Nc7 Rb8 17. Bc4 Nb6 18. Bb3
Kf8 19. Re3 Bd7 20. Rhe1 c5 (20... Rbc8 21. Re7 Rxc7 22. Rxf7+ $18) 21. Nd5
Nxd5 22. Bxd5 b6 $11) 15... Nb6 (15... Nf8 16. Bc4 c5 17. Nb3 Be6 18. Re4 (18.
Bxe6 Nxe6 $11) 18... Bxc4 19. Rxc4 b6 $11) 16. g3 $5 {[%cal Gf1g2,Gg2b7]} Kf8 (
16... c6 17. Bg2 Kf8 18. Re2 Bg4 19. Re4 Bd7 20. Rhe1 Re8 $11) 17. Bg2 Rb8 (
17... c6 $11) 18. Re5 Bd7 19. Rhe1 Re8 20. Rxe8+ Bxe8 21. f4 Nc4 22. b4 Nd6 23.
Kb2 Bd7 24. Kb3 Re8 25. Rxe8+ Kxe8 26. c4 c6 (26... b6 $11) 27. Kc3 (27. c5 Nf5
28. Nc2 (28. Nxf5 Bxf5 $11) 28... Be6+ 29. Kb2 g5 30. fxg5 hxg5 31. a4 Ke7 $14)
27... Kd8 28. a4 Kc7 29. a5 Nf5 (29... b6 30. c5 bxc5 (30... Nb7 31. cxb6+ axb6
32. a6 Nd6 33. b5 $18) 31. bxc5 Nb5+ 32. Nxb5+ cxb5 $11) 30. Nc2 Nd6 (30... b6
$11) 31. c5 Nb5+ 32. Kd2 Kd8 (32... Bf5 33. Ne3 Bb1 $11) 33. Ne3 Ke7 34. Kd3 a6
(34... g5 $6 35. fxg5 hxg5 36. h4 gxh4 37. gxh4 Kf6 38. Nc4 Bf5+ 39. Ke3 Be6
40. Nd2 Bd5 (40... Na3 41. Be4 Nc4+ 42. Nxc4 Bxc4 43. Kf4 Be2 44. Bf5 Bf1 45.
Bc8 Ba6 46. h5 Kg7 47. Ke5 Kh6 48. Kd6 Kxh5 49. Kc7 Kg5 50. Bxb7 $18) 41. Bxd5
cxd5 42. Nf3 Kf5 43. h5 Na3 44. Kd3 $16) 35. Be4 Be6 36. h4 Na7 (36... f6 $14)
37. g4 Nb5 $2 $16 (37... f6 $14) 38. g5 $1 hxg5 (38... f6 39. gxh6 gxh6 40.
Nf5+ Bxf5 41. Bxf5 $16) 39. fxg5 g6 (39... f6 40. Nf5+ (40. g6 Nc7 41. h5 Bc8
42. Bf5 Be6 43. Ke4 $14) 40... Kf7 (40... Bxf5 41. Bxf5 fxg5 42. hxg5 Kd8 43.
Be6 (43. Ke4 $1 Nc3+ 44. Ke5 Nd5 45. Ke6 Ke8 (45... Nxb4 46. Kf7 $18) 46. Bg6+
Kf8 47. Kd7 Nxb4 48. Kc7 Ke7 49. Kxb7 Ke6 50. Be4 Ke5 51. Bxc6 Kd4 52. Kb6 Nd3
53. Kxa6 Kxc5 54. Be4 Nf2 55. Bf3 $18) 43... Nc7 44. Bc4 Ke7 45. Ke4 Ne6 46.
Kf5 Nf8 47. Bb3 Kd7 48. Bd1 Ke7 49. Bh5 Kd7 50. Ke5 Ke7 51. Bg4 Ng6+ 52. Ke4
Kd8 53. Kf5 Nf8 54. Ke5 Nh7 55. Kf4 (55. g6 Nf8 56. Bf5 Kc7 $11) 55... Nf8 56.
Bf5 $16) 41. Nd6+ Nxd6 42. cxd6 fxg5 43. hxg5 Ke8 44. Kd4 Kd7 45. Ke5 (45. Kc5
Bh3 46. Kb6 Kc8 (46... Kxd6 47. Kxb7 c5 48. bxc5+ Kxc5 49. Kxa6 Bc8+ 50. Ka7
Kb5 51. a6 $18) 47. Bg6 Bd7 48. Bh5 (48. Bf7 Kb8 49. Kc5 Kc8 50. Kd4 Bh3 51.
Ke5 Kd7) 48... Kb8 $11) 45... Bh3 46. Bf3 Kd8 (46... Be6 47. b5 $1 axb5 48. a6
$18) 47. Be4 Kd7 48. Bg6 Bg4 49. Bf5+ Bxf5 50. Kxf5 Kxd6 51. Kg6 $18) 40. Nd1
Bb3 (40... f5 41. gxf6+ $2 (41. Bf3 Nc7 42. Nc3 Bg8 43. Kd4 Bb3 44. Ke5 Ne6 45.
Ne2 Bd1 46. Nd4 Nxd4 (46... Bxf3 47. Nxf3 Nc7 48. Nd4 Nd5 49. h5 (49. b5 Nb4
50. bxc6 Nxc6+ 51. Nxc6+ bxc6 52. h5 gxh5 53. Kxf5 Kf7 54. g6+ Kg7 55. Kg5 h4
56. Kxh4 Kxg6 57. Kg4 $11) 49... gxh5 50. b5 $1 Nb4 51. Nxf5+ Kf8 (51... Kf7
52. Nd6+ Kg6 53. b6 h4 54. Kf4 Nd3+ 55. Kg4 Nxc5 56. Kxh4 Kg7 57. Kh5 Kh7 58.
g6+ Kg7 59. Nf5+ Kf6 60. g7 Kf7 61. Kh6 Ne6 62. Nd6+ Kg8 63. Nxb7 $18) 52. bxc6
Nxc6+ 53. Kf6 Nb8 (53... Nb4 54. g6 Nd5+ 55. Kg5 $18) 54. Ke6 (54. g6 Nd7+ 55.
Kg5 Nxc5 56. Kxh5 Ne4 57. Kh6 Nf6 58. Nd6 Kg8 59. Nxb7 Ng4+ 60. Kg5 Ne5 61. Nc5
Nc6 62. Kh6 Nb8 63. Ne4 Nd7 64. g7 Kf7 65. Kh7 Nf8+ 66. gxf8=Q+ Kxf8 67. Nc5
$18)) 47. Bxd1 Ne6 48. Bf3 $16) 41... Kxf6 42. Ne3 Nc7 43. Nc4 Bxc4+ 44. Kxc4
Ne6 45. Bf3 Kf5 46. Kd3 Kf4 47. Be4 Nf8 48. Kd4 Kg3 49. Ke5 Kxh4 50. Kf6 Kh5 (
50... g5 51. Ke7 $16) 51. Bf3+ Kh4 (51... Kh6 52. Bg4 Nh7+ 53. Ke5 Kg5 54. Bc8
$18) 52. Be4 Kh5 $11) 41. Bf3 Bxd1 42. Bxd1 Nc7 43. Bf3 Ne6 44. Ke4 f6 45.
gxf6+ Kxf6 46. Bg4 Ke7 47. Ke5 $18 Nd8 48. Bc8 Nf7+ 49. Kf4 Nd8 50. Kg5 Kf7 51.
Kh6 Kf6 52. Kh7 $1 {White win through detour and zugzvang.} Kf7 53. Bh3 Kf6 54.
Bd7 (54. Kg8 Ne6 55. Bxe6 Kxe6 56. Kg7 Kf5 57. Kf7 Kg4 58. Kxg6 Kxh4 59. Kf5
Kg3 60. Ke5 Kf3 61. Kd6 Ke4 62. Kc7 Kd4 63. Kxb7 $18) 54... Ke7 55. Bg4 Kf7 56.
Bc8 Kf6 57. Kg8 {Instructive endgame!} 1-0

[Event "Eksjo m 80 Jubilee"]
[Site "Eksjo"]
[Date "1993.??.??"]
[Round "6"]
[White "Hellers, Ferdinand"]
[Black "Andersson, Ulf"]
[Result "1/2-1/2"]
[WhiteElo "2565"]
[BlackElo "2625"]
[Annotator "Wedberg,T"]
[PlyCount "93"]
[EventDate "1993.05.??"]
[EventType "match"]
[EventRounds "6"]
[EventCountry "SWE"]
[SourceTitle "CBM 036"]
[Source "ChessBase"]
[SourceDate "1993.10.01"]
[SourceVersion "1"]
[SourceVersionDate "1993.10.01"]
[SourceQuality "1"]

1. e4 e6 2. d4 d5 3. Nc3 Nf6 4. Bg5 dxe4 5. Nxe4 Be7 6. Bxf6 gxf6 7. Nf3 b6 8.
Bc4 (8. g3 Bb7 9. Qe2 Qd5 10. Ned2 Nc6 11. c3 O-O-O 12. Bg2 Qh5 13. O-O e5 14.
Rad1 exd4 15. Nxd4 Qxe2 16. Nxe2 h5 17. h4 Ne5 18. Nd4 Bc5 $13 {Heller,
F-Andersson,U/Haninge/1989/}) (8. Bd3) (8. c4 $5) 8... Bb7 9. Qe2 c6 10. O-O-O
Qc7 11. Rhe1 Nd7 12. Kb1 (12. Nc3 $5 {/\ 13.d5!?}) 12... O-O-O 13. Ba6 Bxa6 (
13... Rhe8 14. Bxb7+ Kxb7 15. c4 Nf8 16. Qc2 f5 17. Nc3 Bf6 18. Re3 Re7 19.
Red3 Ng6 20. d5 Red7 21. Qb3 Ne7 22. dxc6+ Nxc6 23. Nb5 Rxd3 24. Rxd3 Qb8 25.
Qd1 Rxd3 {0,5/Kortchnoj,V-Andersson,U/Reykjavik/1988/}) 14. Qxa6+ Kb8 15. Qe2
Rhe8 (15... Rhg8) 16. a3 Bf8 17. c4 h6 18. Nc3 f5 19. d5 Bg7 20. Nd4 Bxd4 21.
Rxd4 Nf6 22. Qd2 cxd5 23. cxd5 e5 24. Rh4 h5 (24... Qc5 25. Rxh6 (25. b4 $5)
25... Nxd5 26. Nxd5 Rxd5 27. Qc2) 25. Qg5 Nxd5 26. Nxd5 Rxd5 27. Qxf5 Red8 28.
Qf3 (28. Qxh5 e4 29. Qg4 $1 (29. Qe2 f5 $132) 29... f5 30. Qf4 Rd1+ 31. Rxd1
Rxd1+ 32. Ka2 Rd6 $1 33. Rh8+ $140 Kb7 34. Rh7 Qxh7 35. Qxd6 Qg8+ 36. Kb1 Qxg2
$10) 28... Rd2 29. Rc1 Qd7 30. Rxh5 Qd4 31. Qc3 Qxc3 32. Rxc3 Rxf2 33. Rf3 Rxf3
34. gxf3 f6 35. Kc2 Kc7 36. Rh6 Rf8 37. Kd3 Kd6 38. Ke4 Ke6 39. f4 exf4 40. Rh7
Rc8 41. Kxf4 Rc4+ 42. Kf3 Rc2 43. Rxa7 Rxb2 44. h4 Kf5 45. a4 Rb3+ 46. Kf2 Kg4
47. a5 1/2-1/2

[Event "SWE-ch"]
[Site "Orebro"]
[Date "2013.07.09"]
[Round "4"]
[White "Grandelius, Nils"]
[Black "Wiedenkeller, Michael"]
[Result "1-0"]
[WhiteElo "2573"]
[BlackElo "2475"]
[Annotator "Ziegler,A"]
[PlyCount "71"]
[EventDate "2013.07.06"]
[EventType "tourn"]
[EventRounds "9"]
[EventCountry "SWE"]
[EventCategory "10"]
[SourceTitle "CBM 155 Extra"]
[Source "ChessBase"]
[SourceDate "2013.08.26"]
[SourceVersion "1"]
[SourceVersionDate "2013.08.26"]
[SourceQuality "1"]
[TimeControl "6000+975"]
[WhiteClock "0:12:03"]
[BlackClock "0:03:45"]

1. e4 e6 2. d4 d5 3. Nc3 Nf6 (3... Bb4 {In the eighties Wiedenkeller was one
of our biggest connoseurs of the Winawer. It would have been very interesting
to see him play it against the biggest star of the new generation of
chessplayers in Sweden.}) 4. Bg5 dxe4 {I have never liked this move. Black has
no hopes for any kind of strategic advantage. It is only about neutralising
White. In case you like to play dxe4 against the French, then 3...dxe4 offers
somewhat more flexibility.} 5. Nxe4 Nbd7 (5... Be7 6. Bxf6 Bxf6 7. Nf3 {
Will most likely transpose.}) 6. Nf3 (6. Nxf6+ Nxf6 7. Nf3 h6 {gives Black an
easier task.}) 6... Be7 7. Nxf6+ Bxf6 (7... Nxf6 {gives Black a very passive
position. One of the most normal ideas is to play ...c5, and now it has to be
associated with Qa5xc5 when White takes it, otherwise the pinBg5-d8 will be
felt.} 8. Bd3 c5 9. dxc5 Qa5+ 10. c3 Qxc5 11. Qe2 $1 {White prepares castling
on the queen's side.} Bd7 12. Ne5 Bc6 13. O-O-O O-O 14. Rhe1 {
Mamedyarov-Makhar amedyarov-Makharadze, Batumi 2002. And here White is clearly
better because Black can not advance with his a- and b-pawns with facing
serious tactical problems.}) 8. h4 {White's position is slightly better. In a
practical sence perhaps better. Black's problem here is the bishop on c8. It
will take time to bring it into action. During this time White will be able to
develop his pieces freely in order to exploit the way Black chooses to
liberate the bishop.} a6 $6 {This move does not solve the problem described
above, so in essence this is a loss of time.} 9. Bd3 c5 10. Qe2 {A very
aggressive choice. White decides that his lead in development is massive
enough to compensate for a centre pawn.} ({A more traditional way of meeting
the ...c5 trust is:} 10. Bxf6 Nxf6 11. dxc5 Qa5+ 12. Qd2 Qxc5 13. O-O-O Bd7 14.
Rhe1 O-O 15. Ne5 {with a comfortable edge for White. (g2-g4 is coming...)})
10... cxd4 11. O-O-O {This concept of sacrificing the d4-pawn can also be seen
in a pure form in the instructive: Vaganian-Pogonina, 2011. That game was a
Queen's Gamit declined!} Nc5 (11... O-O 12. Nxd4 Bxg5+ 13. hxg5 Qxg5+ 14. Kb1
g6 15. Nf3 $1 {And white is about to invade on the Black squares.}) 12. Be4 (
12. Bc4 {gives Black the possibility to head for a more technical type of
position:} b5 13. Rxd4 Qe7 14. Bxf6 gxf6 (14... Qxf6 15. Bd5) 15. Bb3 e5 16.
Rd2 Nxb3+ 17. axb3 O-O {White is slightly better.}) 12... Bd7 (12... Qa5 {
with the idea of Queen side castling was Black's last hope:} 13. Kb1 Bd7 14.
Nxd4 Bxg5 15. hxg5 Nxe4 16. Qxe4 O-O-O {But as we can see White is
nevertheless on top.}) 13. Rxd4 Rc8 {Black is hoping to solve his problems by
tactical means. This is usually not a good recepy when your opponents pieces
have better coordination.} 14. Rhd1 Qa5 $2 15. Bxf6 Qxa2 (15... gxf6 16. Kb1
Bb5 (16... e5 17. Nxe5 fxe5 18. Bc6 bxc6 19. Qxe5+ Be6 20. Qxh8+)) 16. Bd5 Qa1+
17. Kd2 Qxb2 18. Bxg7 Rg8 {After 14...Qa5, this position was practically
forced. White is winning.} 19. Bf6 Nb3+ 20. Ke1 Rxc2 21. Qxc2 {Artistic} (21.
Qe5 Nxd4 22. Nxd4 Qc3+ 23. Kf1 Rc1 24. Qb8+ Qc8 25. Qxc8+ Rxc8 26. Bxb7 {
is also winning.}) 21... Qxc2 22. Bxb3 Qxb3 23. Rc1 {Very beatiful!} (23. Rxd7
Qb4+ 24. Ke2 Qb5+ 25. R7d3 {wins.}) 23... Qb6 {only move, but it gives White
the opportunity to win the queen back.} 24. Rxd7 Kxd7 25. Ne5+ Kd6 26. Nc4+ Kc6
27. Nxb6+ Kxb6 28. g3 {The bishop on f6 is a monster, displaying the one
diagonal principle. Helping White in the attack and stops the the Queen side
pawns from promoting.} a5 29. Kd2 h5 30. Kd3 Rg4 31. Bd4+ Ka6 32. Rc5 a4 33.
Rxh5 f5 34. Rh6 Re4 35. f3 Re1 36. Kd2 1-0